00698nam a2200205 i 450000100060000000300090000600500170001500700030003200800410003510000220007624501480009826000640024630000300031049000290034050000370036970000190040670000170042583000290044285200210047145407ES-MaACL20230906161219.0t|030326q1907 sp ||||1| spa d1 aCoelho, Trindade.10aNuevos amores / cnovela original de Trindade Coelho ; traducción del portugués y prólogo por Angel Guerra ; ilustraciones de Luis Palao. aMadrid : b[s.n., c1907?] (fImp. de la Biblioteca Patria) aXV, 114, 28 p. ; c18 cm.1 aBiblioteca patria ; v37 aFecha, 1907, tomada de la p. XV.1 aGuerra, Angel.1 aPalao, Luis.0 aBiblioteca patria ; v37 aES-MaACLjD-2433